Word Ladder: Traveler's Lament Quiz Stats

Quiz Updated Nov 25, 2015

Challenge
Share
Tweet
Embed
Score 0/18 Timer 02:00
3 Plays Today
Clue 4-Letter Word % Correct
Go out with a ____BANG
97.9%
Financial institutionBANK
97.7%
Prepare foodCOOK
97.3%
Edible ice cream container CONE
96.9%
'____ 'em, Danno!'BOOK
93.3%
Knock on the nogginCONK
93%
Cartoon impact soundBONK
92.8%
Ready for harvestingRIPE
91.7%
● Beatles song: Ticket to ____● RIDE ●
91.6%
Clue 4-Letter Word % Correct
Sudden sharp achePANG
90.7%
Fork partTINE
90.6%
● Where the heart is ●● HOME ●
89.8%
Muscle or dial, e.g.TONE
89.5%
Ebb and flowTIDE
88.5%
1972 Atari gamePONG
87.2%
Clue(do) weaponROPE
86%
Obama's 'The Audacity of ____'HOPE
84.7%
● Former Louisiana governor Huey ____● LONG ●
76.7%

Today's Daily Dose

You're not logged in!

Compare scores with friends on all Sporcle quizzes.
Join for Free
OR
Log In

You Might Also Like...

Show Comments

Extras

Top Quizzes Today


Score Distribution

Your Account Isn't Verified!

In order to create a playlist on Sporcle, you need to verify the email address you used during registration. Go to your Sporcle Settings to finish the process.

Report this User

Report this user for behavior that violates our Community Guidelines.

Details: